|
|
|
|
| LEADER |
00879nam a22002532a 4500 |
| 001 |
000151459 |
| 003 |
CZ BrMZK |
| 005 |
20090716095923.0 |
| 007 |
ta |
| 008 |
950101s1969 xr f cze d |
| 015 |
|
|
|a cnb000450707
|
| 035 |
|
|
|a (OCoLC)42091017
|
| 040 |
|
|
|a BOA001
|b cze
|
| 100 |
1 |
|
|a Kafka, František,
|d 1909-1991
|7 jk01052503
|4 aut
|
| 245 |
1 |
0 |
|a Výbuch v podzemním jezeře /
|c František Kafka
|
| 260 |
|
|
|a Praha :
|b Vydavatelství časopisů MNO,
|c 1969
|
| 300 |
|
|
|a 187 s.
|
| 490 |
1 |
|
|a Magnet ;
|v č. 1, 1969
|
| 830 |
|
0 |
|a Magnet (Vydavatelství časopisů MNO)
|0 s
|
| 856 |
4 |
1 |
|u http://www.digitalniknihovna.cz/mzk/uuid/uuid:01e7d300-8589-11e2-aa2b-005056827e51
|y Digitalizovaný dokument
|x NDK
|
| 910 |
|
|
|a BOA001
|b 1-0621.735
|
| 990 |
|
|
|a BK
|
| 991 |
|
|
|b 200906
|
| 996 |
6 |
|
|b 2619954529
|c 1-0621.735
|l MZK
|r Sklad / do 1 hodiny
|n 4
|w 000151459
|u 000010
|a 1
|e BOA001
|j MZK50
|s P
|